| 000 | 00366nam a2200109Ia 4500 | ||
|---|---|---|---|
| 008 | 230907s9999||||xx |||||||||||||| ||und|| | ||
| 082 |
_a621.3 _bASH |
||
| 100 |
_aAshrae Standards _9116801 |
||
| 245 | _aASHRAE 188-2018 : STANDARD 188-2018 -- LEGIONELLOSIS: RISK MANAGEMENT FOR BUILDING WATER SYSTEMS (ANSI APPROVED) | ||
| 260 |
_bAshrae _c2019-09-13 |
||
| 942 |
_2ddc _cEB |
||
| 999 |
_c599428 _d599428 |
||